Corrosion engineering (Record no. 1267)

000 -LEADER
fixed length control field 00569nam a22002177a 4500
001 - CONTROL NUMBER
control field 1267
003 - CONTROL NUMBER IDENTIFIER
control field BD-DhUET
008 - FIXED-LENGTH DATA ELEMENTS--GENERAL INFORMATION
fixed length control field 140902b xxu||||| |||| 00| 0 eng d
020 ## - INTERNATIONAL STANDARD BOOK NUMBER
International Standard Book Number 9789848725085
040 ## - CATALOGING SOURCE
Transcribing agency 0
Modifying agency BD-DhUET
082 ## - DEWEY DECIMAL CLASSIFICATION NUMBER
Classification number 620.1122
Item number NOO/2009
100 ## - MAIN ENTRY--PERSONAL NAME
Personal name Nooruddin Ahmed
245 ## - TITLE STATEMENT
Title Corrosion engineering
Remainder of title an introductory text
250 ## - EDITION STATEMENT
Edition statement 1st ed.
260 ## - PUBLICATION, DISTRIBUTION, ETC. (IMPRINT)
Place of publication, distribution, etc. Dhaka
Name of publisher, distributor, etc. N. Ahmed and I. Mahmud
Date of publication, distribution, etc. 2009
300 ## - PHYSICAL DESCRIPTION
Extent xviii, 261 p.
504 ## - BIBLIOGRAPHY, ETC. NOTE
Bibliography, etc Includes bibliographies
650 #0 - SUBJECT ADDED ENTRY--TOPICAL TERM
Topical term or geographic name as entry element Corrosion and anti-Corrosion
700 ## - ADDED ENTRY--PERSONAL NAME
Personal name Iqbal Mahmud
942 ## - ADDED ENTRY ELEMENTS (KOHA)
Koha item type General Book
Holdings
Location (home branch) Sublocation or collection (holding branch) Withdrawn status Copy number Price effective from Date acquired Koha date last borrowed Koha full call number Koha out on loan Not for loan Koha item type Koha date last seen Lost status Koha issues (times borrowed) Source of classification or shelving scheme Damaged status Shelving location Koha normalized classification for sorting Piece designation (barcode)
Central Library, BUETCentral Library, BUET 82014-09-022014-09-022021-08-28620.1122/NOO/2009  General Book2021-08-28 2  Circulation section620_000000000000000_1122NOO200107513
Central Library, BUETCentral Library, BUET 82014-09-022014-09-022021-09-06620.1122/NOO/2009  General Book2021-09-06 25  Circulation section620_000000000000000_1122NOO200107507
Central Library, BUETCentral Library, BUET 82014-09-022014-09-022021-08-28620.1122/NOO/2009  General Book2021-08-28 1  Circulation section620_000000000000000_1122NOO200107508
Central Library, BUETCentral Library, BUET  2014-09-022014-09-022021-08-28620.1122/NOO/2009  General Book2021-08-28 1  Circulation section620_000000000000000_1122NOO200107506
Central Library, BUETCentral Library, BUET  2014-09-022014-09-022021-08-28620.1122/NOO/2009  General Book2021-08-28 1  Circulation section620_000000000000000_1122NOO200107512
Central Library, BUETCentral Library, BUET  2014-09-022014-09-022025-12-01620.1122/NOO/20092025-12-15 General Book2025-12-01 5  Circulation section620_000000000000000_1122NOO200107509
Central Library, BUETCentral Library, BUET  2014-09-022014-09-022024-10-21620.1122/NOO/2009  General Book2024-10-21 38  Circulation section620_000000000000000_1122NOO200107505
Central Library, BUETCentral Library, BUET  2014-09-022014-09-022021-08-28620.1122/NOO/2009  General Book2021-08-28 1  Circulation section620_000000000000000_1122NOO200107511
Central Library, BUETCentral Library, BUET  2014-09-022014-09-022021-08-28620.1122/NOO/2009  General Book2021-08-28 1  Circulation section620_000000000000000_1122NOO200107504
Central Library, BUETCentral Library, BUET 12018-04-282010-01-132021-08-28620.1122/NOO/2009  General Book2021-08-28 1  Circulation section620_112200000000000_NOO_2009107510